[Event "Wch Juvenil 2013 sub-14"]
[Site "Al-Ain UAE"]
[Date "2013.12.27"]
[Round "10.5"]
[White "Atabayev, Saparmyrat"]
[Black "Visakh, Nr"]
[Result "1-0"]
[WhiteElo "2203"]
[BlackElo "2303"]
[PlyCount "101"]
[EventDate "2013.12.19"]
[EventType "swiss"]
[EventRounds "11"]
[EventCountry "UAE"]
[Source "lmi"]
[SourceDate "2013.12.19"]

1. e4 c5 2. Nf3 d6 3. d4 cxd4 4. Nxd4 Nf6 5. Nc3 a6 6. g3 e5 7. Nde2 b5 8. Bg2
Bb7 9. O-O Nbd7 10. a4 b4 11. Nd5 Nxd5 12. exd5 a5 13. Be3 Be7 14. c3 O-O 15.
cxb4 axb4 16. Qd2 Qa5 17. Nc1 Rab8 18. Nb3 Qa8 19. a5 Nf6 20. Rfd1 e4 21. Bg5
Rfe8 22. Nd4 h6 23. Bxf6 Bxf6 24. Nb5 Bg5 25. Qd4 Bf6 26. Qd2 Bg5 27. Qd4 Bf6
28. Qe3 Bg5 29. Qb3 e3 30. f4 Bf6 31. Nxd6 e2 32. Re1 Qa7+ 33. Kh1 Re3 34. Qc2
Ba6 35. Rac1 Bd3 36. Qd2 Bd4 37. Nc4 Rbe8 38. Nxe3 Bxe3 39. Qxd3 Bxc1 40. Rxe2
Rc8 41. Rc2 Rxc2 42. Qxc2 Qe3 43. Be4 g6 44. a6 f5 45. Qc8+ Kg7 46. Qd7+ Kg8
47. Qe6+ Kg7 48. Bg2 Qd2 49. h3 Qd1+ 50. Kh2 Bxb2 51. Qe7+ 1-0

[Event "Wch Juvenil 2013 sub-14"]
[Site "Al-Ain UAE"]
[Date "2013.12.27"]
[Round "10.6"]
[White "Li, Di"]
[Black "Zajic, Milan"]
[Result "1/2-1/2"]
[WhiteElo "2091"]
[BlackElo "2340"]
[PlyCount "51"]
[EventDate "2013.12.19"]
[EventType "swiss"]
[EventRounds "11"]
[EventCountry "UAE"]
[Source "lmi"]
[SourceDate "2013.12.19"]

1. d4 d5 2. c4 c6 3. cxd5 cxd5 4. Bf4 Nc6 5. e3 Nf6 6. Nc3 Bg4 7. Qb3 Na5 8.
Qa4+ Bd7 9. Qc2 Rc8 10. Bd3 e6 11. Nf3 Nc4 12. O-O Bb4 13. a3 Be7 14. h3 O-O
15. Ne5 Nd6 16. Qe2 Nfe4 17. Rfc1 f6 18. Nxd7 Qxd7 19. Nxe4 Nxe4 20. Bb5 Qd8
21. Rxc8 Qxc8 22. Qd1 Bd6 23. Rc1 Qd8 24. Bxd6 Nxd6 25. Bd3 Qd7 26. Rc3 1/2-1/2

[Event "Wch Juvenil 2013 sub-14"]
[Site "Al-Ain UAE"]
[Date "2013.12.27"]
[Round "10.7"]
[White "Lorparizangeneh, Shahin"]
[Black "Boldoo, Erdenepurev"]
[Result "1-0"]
[WhiteElo "2270"]
[BlackElo "2072"]
[PlyCount "83"]
[EventDate "2013.12.19"]
[EventType "swiss"]
[EventRounds "11"]
[EventCountry "UAE"]
[Source "lmi"]
[SourceDate "2013.12.19"]

1. d4 d5 2. c4 e6 3. Nf3 Nf6 4. Nc3 Bb4 5. g3 c5 6. Bg2 dxc4 7. O-O Nbd7 8.
dxc5 Bxc5 9. Nd2 Nb6 10. Nde4 Qxd1 11. Nxf6+ gxf6 12. Rxd1 Rb8 13. Bh6 Rg8 14.
Ne4 Be7 15. Be3 Na4 16. b3 cxb3 17. axb3 Nb6 18. Nd6+ Bxd6 19. Rxd6 Nd5 20.
Bxd5 exd5 21. Rxa7 Bd7 22. Rxf6 Bc6 23. Rh6 Rd8 24. Bd4 Rg6 25. Rxh7 Ke7 26. h4
Rdg8 27. b4 Ke6 28. e3 f6 29. b5 Bxb5 30. Raxb7 Bd3 31. Rb6+ Kf5 32. h5 Rg4 33.
Rxf6+ Kg5 34. f4+ Rxf4 35. exf4+ Kg4 36. Re7 Rc8 37. Bf2 Be4 38. Rxe4 dxe4 39.
Kg2 Kxh5 40. Kh3 Rc3 41. Bd4 Rd3 42. Bc5 1-0

[Event "Wch Juvenil 2013 sub-14"]
[Site "Al-Ain UAE"]
[Date "2013.12.27"]
[Round "10.8"]
[White "Maghsoodloo, Parham"]
[Black "Shtembuliak, Evgeny"]
[Result "1-0"]
[WhiteElo "2199"]
[BlackElo "2263"]
[PlyCount "105"]
[EventDate "2013.12.19"]
[EventType "swiss"]
[EventRounds "11"]
[EventCountry "UAE"]
[Source "lmi"]
[SourceDate "2013.12.19"]

1. Nf3 d6 2. e4 Nf6 3. Nc3 e5 4. d4 Nbd7 5. Bc4 Be7 6. O-O c6 7. a4 a5 8. h3 h6
9. Re1 O-O 10. Be3 Qc7 11. Qd2 Rd8 12. Rad1 Nf8 13. Qc1 Ng6 14. Qb1 exd4 15.
Bxd4 Ne5 16. Nxe5 dxe5 17. Be3 Re8 18. Qa2 Bb4 19. Qb3 Be6 20. Bxe6 Rxe6 21.
Qc4 Bxc3 22. bxc3 b6 23. Rd3 Rb8 24. Red1 Kh7 25. f3 c5 26. Qb5 Ree8 27. Bf2
Rbd8 28. Bh4 Rxd3 29. cxd3 Re6 30. Qc4 Qc6 31. Bf2 g5 32. Qb3 Kg6 33. d4 cxd4
34. cxd4 exd4 35. Rxd4 Nd7 36. Qd1 Nc5 37. Qc2 Na6 38. Rc4 Qd7 39. Qc3 f6 40.
e5 Rxe5 41. Rd4 Rc5 42. Qd3+ Qf5 43. Qxa6 Rc1+ 44. Kh2 Rc2 45. Qf1 Rb2 46. Qe1
Kf7 47. Re4 Qd7 48. Bg3 f5 49. Rc4 f4 50. Bxf4 gxf4 51. Rxf4+ Kg8 52. Rg4+ Kf8
53. Qe5 1-0

[Event "Wch Juvenil 2013 sub-14"]
[Site "Al-Ain UAE"]
[Date "2013.12.27"]
[Round "10.8"]
[White "Pitkar, Ashutosh"]
[Black "Cerniauskas, Markas"]
[Result "0-1"]
[WhiteElo "1613"]
[BlackElo "1756"]
[PlyCount "46"]
[EventDate "2013.12.19"]
[EventType "swiss"]
[EventRounds "11"]
[EventCountry "UAE"]
[Source "lmi"]
[SourceDate "2013.12.19"]

1. e4 e6 2. d4 d5 3. Nd2 Nf6 4. e5 Ne4 5. Bd3 Nxd2 6. Bxd2 c5 7. c3 Nc6 8. Nf3
Qb6 9. Bc1 cxd4 10. cxd4 Bb4+ 11. Kf1 O-O 12. Bxh7+ Kxh7 13. Ng5+ Kg8 14. Qh5
Qb5+ 15. Kg1 Qd3 16. Be3 Qg6 17. Qe2 Nxd4 18. Bxd4 Qxg5 19. h4 Qf5 20. Rd1 Bd7
21. Rh3 Rfc8 22. Rb3 a5 23. Rf3 Qc2 0-1

[Event "Wch Juvenil 2013 sub-14"]
[Site "Al-Ain UAE"]
[Date "2013.12.27"]
[Round "10.9"]
[White "Lau, Jason"]
[Black "Bedon, Kevin"]
[Result "1/2-1/2"]
[WhiteElo "1888"]
[BlackElo "1671"]
[PlyCount "91"]
[EventDate "2013.12.19"]
[EventType "swiss"]
[EventRounds "11"]
[EventCountry "UAE"]
[Source "lmi"]
[SourceDate "2013.12.19"]

1. e4 a6 2. d4 e6 3. Nc3 b5 4. a3 Bb7 5. Be3 d6 6. g3 Nd7 7. Bg2 h6 8. Nge2 c5
9. d5 e5 10. O-O g5 11. a4 b4 12. Nb1 a5 13. Nd2 Ba6 14. c4 Bg7 15. b3 Ne7 16.
Ra2 Qc7 17. f4 gxf4 18. gxf4 O-O-O 19. Nf3 Kb8 20. fxe5 Bxe5 21. Bf4 Ng6 22.
Bxe5 Ndxe5 23. Nxe5 Nxe5 24. Nf4 Bc8 25. Nd3 Ng4 26. Qf3 Rhf8 27. h3 Ne5 28.
Nxe5 dxe5 29. Qh5 f5 30. exf5 Rf6 31. Raf2 Rg8 32. Qh4 Qd6 33. Kh1 Bd7 34. Be4
Qf8 35. Rf3 Rg5 36. Qf2 Kc7 37. Kh2 Rg7 38. Qe2 Kd6 39. Qf2 Re7 40. Rg1 Ref7
41. Rg6 Kc7 42. Qg3 Qe7 43. Rxf6 Rxf6 44. Qg8 Rf8 45. Qg6 Rf6 46. d6+ 1/2-1/2

[Event "Wch Juvenil 2013 sub-14"]
[Site "Al-Ain UAE"]
[Date "2013.12.27"]
[Round "10.9"]
[White "Song, Edward"]
[Black "Pranav, Vijay"]
[Result "1/2-1/2"]
[WhiteElo "2208"]
[BlackElo "2224"]
[PlyCount "115"]
[EventDate "2013.12.19"]
[EventType "swiss"]
[EventRounds "11"]
[EventCountry "UAE"]
[Source "lmi"]
[SourceDate "2013.12.19"]

1. e4 e5 2. Nf3 d6 3. d4 exd4 4. Nxd4 Nf6 5. Nc3 Be7 6. Bc4 O-O 7. O-O c6 8. a4
a5 9. Re1 Re8 10. Bf4 Bf8 11. Qd2 Nbd7 12. f3 Qb6 13. b3 Ne5 14. Bf1 Bd7 15.
Kh1 h6 16. Rad1 Rad8 17. h3 Bc8 18. Be3 Qc7 19. Qf2 Qb8 20. f4 Ned7 21. Qf3 Nc5
22. Bf2 d5 23. exd5 Rxe1 24. Bxe1 cxd5 25. Ncb5 Bd7 26. Bxa5 b6 27. Be1 Re8 28.
c4 Nce4 29. Nc3 dxc4 30. Bxc4 Bc5 31. Nxe4 Nxe4 32. Bd5 Nf6 33. Bg3 Nxd5 34.
Qxd5 Qc8 35. Kh2 Re3 36. Nc2 Re2 37. Qxd7 Qxd7 38. Rxd7 Rxc2 39. Rd3 Rc1 40. h4
g6 41. Rf3 Rb1 42. f5 gxf5 43. Be5 Kf8 44. h5 Bg1+ 45. Kg3 Bc5 46. Bf4 Kg7 47.
Be5+ Kf8 48. Kf4 Rh1 49. Kxf5 Rxh5+ 50. Ke4 Ke7 51. Rf5 Rh1 52. Rf3 Ke6 53.
Rf6+ Ke7 54. Rf3 Ke6 55. Rf6+ Ke7 56. Rc6 Kd7 57. Rc7+ Ke6 58. Rc6+ 1/2-1/2

[Event "Wch Juvenil 2013 sub-14"]
[Site "Al-Ain UAE"]
[Date "2013.12.27"]
[Round "10.10"]
[White "Martirosyan, Haik M"]
[Black "Aravindh, Chithambaram Vr"]
[Result "1-0"]
[WhiteElo "2131"]
[BlackElo "2415"]
[PlyCount "121"]
[EventDate "2013.12.19"]
[EventType "swiss"]
[EventRounds "11"]
[EventCountry "UAE"]
[Source "lmi"]
[SourceDate "2013.12.19"]

1. d4 Nf6 2. c4 e6 3. Nf3 d5 4. Qc2 Nbd7 5. g3 Bb4+ 6. Nbd2 O-O 7. Bg2 dxc4 8.
Qxc4 a5 9. a3 Be7 10. O-O Rb8 11. e4 b5 12. Qc2 c5 13. dxc5 Nxc5 14. e5 Nd5 15.
Ne4 Nxe4 16. Qxe4 Bb7 17. Qg4 Re8 18. h4 Rc8 19. Ng5 Rc4 20. Be4 g6 21. Qf3 Rf8
22. Bd3 Rd4 23. Rd1 Qc7 24. Qe2 Bc5 25. Ne4 Be7 26. Ng5 Qc6 27. Be4 Rc4 28. Bd2
h6 29. Nh3 h5 30. Re1 Qc7 31. Bd3 Rg4 32. Rac1 Bc5 33. Kh2 b4 34. f4 Qe7 35. a4
Bd4 36. Rc4 Bb6 37. Rcc1 f6 38. exf6 Rxf6 39. Be4 Rf7 40. Ng5 Rxg5 41. hxg5 Qd6
42. Bxg6 Re7 43. Qd3 h4 44. Re5 hxg3+ 45. Kxg3 Ba6 46. Qe4 Bb7 47. Qc4 Rg7 48.
Qd3 Ba6 49. Qe4 Ne7 50. Rxe6 Qxd2 51. Rc2 Qe3+ 52. Qxe3 Bxe3 53. Rxe3 Nxg6 54.
Re8+ Kf7 55. Ra8 Bd3 56. Rc6 Rh7 57. f5 Bxf5 58. Rf6+ Kg7 59. Ra7+ Kg8 60. Rxh7
Kxh7 61. Rxf5 1-0

[Event "Wch Juvenil 2013 sub-14"]
[Site "Al-Ain UAE"]
[Date "2013.12.27"]
[Round "10.10"]
[White "Nguyen, Dang Hong Phuc"]
[Black "Abdulla, Al-Hamed"]
[Result "1-0"]
[WhiteElo "1882"]
[PlyCount "67"]
[EventDate "2013.12.19"]
[EventType "swiss"]
[EventRounds "11"]
[EventCountry "UAE"]
[Source "lmi"]
[SourceDate "2013.12.19"]
[BlackElo "1627"]

1. d4 Nf6 2. Nf3 g6 3. g3 Bg7 4. Bg2 O-O 5. O-O d5 6. c4 c6 7. cxd5 cxd5 8. Nc3
e6 9. Bf4 Nh5 10. Bg5 Qe8 11. Qd2 b6 12. Bh6 Ba6 13. Bxg7 Kxg7 14. Ne5 Nf6 15.
Rfc1 Qe7 16. f4 Rc8 17. g4 Nc6 18. g5 Nh5 19. e4 Nxe5 20. fxe5 dxe4 21. Bxe4
Rab8 22. Bf3 Bb7 23. Rf1 Bxf3 24. Rxf3 Kg8 25. Raf1 Rf8 26. Ne4 Ng7 27. Nf6+
Kh8 28. Qf2 Nf5 29. d5 Kg7 30. d6 Qb7 31. d7 Rbd8 32. Rxf5 gxf5 33. Qh4 Rh8 34.
Qh6# 1-0

[Event "Wch Juvenil 2013 sub-14"]
[Site "Al-Ain UAE"]
[Date "2013.12.27"]
[Round "10.11"]
[White "Agulhas, Keegan"]
[Black "Nacer, Mohamed Arezki"]
[Result "0-1"]
[WhiteElo "1616"]
[BlackElo "1866"]
[PlyCount "54"]
[EventDate "2013.12.19"]
[EventType "swiss"]
[EventRounds "11"]
[EventCountry "UAE"]
[Source "lmi"]
[SourceDate "2013.12.19"]

1. e4 e5 2. Nf3 Nc6 3. Bc4 Bc5 4. d3 h6 5. Nbd2 Nf6 6. Bb3 d6 7. c3 Be6 8. Nf1
d5 9. Qe2 O-O 10. Ng3 Re8 11. O-O dxe4 12. dxe4 Bxb3 13. axb3 a6 14. Rd1 Qe7
15. Nf5 Qf8 16. h3 Rad8 17. Rxd8 Rxd8 18. g4 Nh7 19. Be3 Bxe3 20. Qxe3 f6 21.
Kg2 Qf7 22. Nd2 Ng5 23. Rg1 Ne6 24. h4 Nf4+ 25. Kh2 Rd3 26. g5 fxg5 27. hxg5
Qh5+ 0-1

[Event "Wch Juvenil 2013 sub-14"]
[Site "Al-Ain UAE"]
[Date "2013.12.27"]
[Round "10.11"]
[White "Santos Ruiz, Miguel"]
[Black "Litvinov, Maxim"]
[Result "1/2-1/2"]
[WhiteElo "2307"]
[BlackElo "2144"]
[PlyCount "102"]
[EventDate "2013.12.19"]
[EventType "swiss"]
[EventRounds "11"]
[EventCountry "UAE"]
[Source "lmi"]
[SourceDate "2013.12.19"]

1. Nf3 Nf6 2. c4 e6 3. g3 d5 4. b3 Be7 5. Bg2 O-O 6. O-O b6 7. e3 Bb7 8. Bb2 c5
9. Nc3 Nc6 10. cxd5 Nxd5 11. Nxd5 Qxd5 12. d4 Rfd8 13. Ne5 Qd6 14. dxc5 Qxc5
15. Qf3 Nxe5 16. Qxb7 Nd3 17. Bd4 Qa3 18. Qe4 Rac8 19. Qxd3 e5 20. Qf5 exd4 21.
exd4 g6 22. Qf4 Rc2 23. Qe4 Rd2 24. Rfe1 Bf8 25. d5 Rxa2 26. Rxa2 Qxa2 27. Qh4
Rc8 28. Bh3 Qd2 29. Bxc8 Qxe1+ 30. Kg2 Bc5 31. Qf4 Qd1 32. Bb7 Qxb3 33. Qb8+
Bf8 34. Qxa7 Qb2 35. Qb8 Qd4 36. Qe8 Kg7 37. Bc6 h5 38. Qe3 Qxe3 39. fxe3 Kf6
40. Kf3 g5 41. h3 Bd6 42. g4 h4 43. Ke4 Bc5 44. Bb5 Ke7 45. Ba4 Kd6 46. Be8 f6
47. Bc6 Ba3 48. Kf5 Bb2 49. e4 Be5 50. Be8 Bc3 51. Ba4 Be5 1/2-1/2

[Event "Wch Juvenil 2013 sub-14"]
[Site "Al-Ain UAE"]
[Date "2013.12.27"]
[Round "10.12"]
[White "Cori Quispe, Kevin"]
[Black "Xu, Minghui"]
[Result "1-0"]
[WhiteElo "2259"]
[BlackElo "2121"]
[PlyCount "97"]
[EventDate "2013.12.19"]
[EventType "swiss"]
[EventRounds "11"]
[EventCountry "UAE"]
[Source "lmi"]
[SourceDate "2013.12.19"]

1. e4 c5 2. Nf3 d6 3. d4 cxd4 4. Nxd4 Nf6 5. Nc3 a6 6. Bg5 Nbd7 7. Qe2 e6 8. f4
Qc7 9. O-O-O Be7 10. g3 h6 11. Bh4 Rg8 12. Nf3 Qa5 13. e5 dxe5 14. fxe5 g5 15.
exf6 Nxf6 16. Bxg5 hxg5 17. Kb1 g4 18. Ne5 Rg5 19. Nc4 Qc7 20. Qe3 Rh5 21. Ne4
Nd5 22. Qe2 b5 23. Qxg4 Rh8 24. Qg7 Rf8 25. Ncd2 Bb7 26. Bd3 O-O-O 27. Rhe1 f5
28. Nc3 Bc5 29. Qxc7+ Nxc7 30. Nb3 Bf2 31. Re2 Ba7 32. Rf1 Rh8 33. a4 b4 34.
Na2 Rh3 35. Nxb4 Rdh8 36. Bc4 Kd7 37. Rd2+ Kc8 38. Re2 R8h6 39. Rfe1 Bf3 40.
Bxe6+ Nxe6 41. Rxe6 Rxe6 42. Rxe6 Rxh2 43. Rxa6 Bf2 44. Rf6 Rh5 45. a5 Bxg3 46.
a6 f4 47. Nd3 Rh4 48. Rf8+ Kc7 49. a7 1-0

[Event "Wch Juvenil 2013 sub-14"]
[Site "Al-Ain UAE"]
[Date "2013.12.27"]
[Round "10.12"]
[White "Yu, Wenlu"]
[Black "Ieong, Seak Hin"]
[Result "1-0"]
[WhiteElo "1862"]
[BlackElo "1578"]
[PlyCount "87"]
[EventDate "2013.12.19"]
[EventType "swiss"]
[EventRounds "11"]
[EventCountry "UAE"]
[Source "lmi"]
[SourceDate "2013.12.19"]

1. e4 e5 2. Nf3 Nc6 3. Bb5 a6 4. Bxc6 dxc6 5. O-O Bg4 6. h3 h5 7. d3 Qf6 8.
Nbd2 Ne7 9. Nc4 Ng6 10. hxg4 hxg4 11. Bg5 Qe6 12. Nh2 b5 13. Na5 g3 14. fxg3
Bc5+ 15. Kh1 f6 16. Nb3 Bb6 17. Bd2 O-O-O 18. g4 Rh7 19. Rf3 Nf4 20. Bxf4 exf4
21. Rh3 Rdh8 22. Qf3 g5 23. a4 Kb8 24. axb5 axb5 25. d4 Qc4 26. Nc5 Rxh3 27.
gxh3 Bxc5 28. dxc5 Qxc2 29. b4 Qb2 30. Qa3 Qxa3 31. Rxa3 Re8 32. Nf3 Rxe4 33.
Rb3 Kc8 34. Kg2 Kd7 35. h4 Re7 36. Rd3+ Ke8 37. Kf2 Rg7 38. h5 f5 39. h6 Rh7
40. Nxg5 Rxh6 41. gxf5 Rf6 42. Ne6 Ke7 43. Nd4 Rh6 44. Kf3 1-0

[Event "Wch Juvenil 2013 sub-14"]
[Site "Al-Ain UAE"]
[Date "2013.12.27"]
[Round "10.13"]
[White "Theodorou, Nikolas"]
[Black "Licheli, Luka"]
[Result "1-0"]
[WhiteElo "2238"]
[BlackElo "1759"]
[PlyCount "85"]
[EventDate "2013.12.19"]
[EventType "swiss"]
[EventRounds "11"]
[EventCountry "UAE"]
[Source "lmi"]
[SourceDate "2013.12.19"]

1. d4 Nf6 2. c4 e6 3. Nf3 Bb4+ 4. Bd2 Qe7 5. g3 O-O 6. Bg2 Bxd2+ 7. Nbxd2 d6 8.
O-O e5 9. Qb3 c5 10. dxe5 dxe5 11. Ng5 Nc6 12. Bxc6 bxc6 13. Nge4 Nd7 14. Qa4
f5 15. Qxc6 Rb8 16. Nd6 e4 17. Nb3 Ne5 18. Qxc5 Qf6 19. Rad1 Be6 20. f3 exf3
21. exf3 Nxc4 22. Rfe1 Nxb2 23. Nd4 Nxd1 24. Nxe6 Qc3 25. Rxd1 Qxc5+ 26. Nxc5
Rb2 27. Nd7 Ra8 28. a4 Ra2 29. Nxf5 Rxa4 30. Ne5 g6 31. Nh6+ Kf8 32. Rd7 Rb8
33. Kg2 Rb2+ 34. Kh3 Raa2 35. Rxh7 Rxh2+ 36. Kg4 a5 37. Nxg6+ Ke8 38. f4 a4 39.
f5 Raf2 40. Re7+ Kd8 41. Nf7+ Kc8 42. Ra7 Ra2 43. Ne7+ 1-0

[Event "Wch Juvenil 2013 sub-14"]
[Site "Al-Ain UAE"]
[Date "2013.12.27"]
[Round "10.15"]
[White "Tran, Minh Thang"]
[Black "Perske, Thore"]
[Result "0-1"]
[WhiteElo "2062"]
[BlackElo "2164"]
[PlyCount "86"]
[EventDate "2013.12.19"]
[EventType "swiss"]
[EventRounds "11"]
[EventCountry "UAE"]
[Source "lmi"]
[SourceDate "2013.12.19"]

1. d4 Nf6 2. Bf4 g6 3. e3 Bg7 4. Nf3 O-O 5. Be2 d6 6. Nbd2 Nc6 7. a4 Nh5 8. Bg5
h6 9. Bh4 g5 10. Nxg5 hxg5 11. Bxg5 Nf6 12. h4 Nh7 13. Bd3 f5 14. f4 Qe8 15. c3
e5 16. Qb3+ Kh8 17. O-O-O e4 18. Be2 a6 19. g4 b5 20. h5 fxg4 21. Rdg1 Rb8 22.
Bxg4 b4 23. h6 Bf6 24. Bxc8 Na5 25. Qd5 bxc3 26. Qxa5 cxd2+ 27. Qxd2 Qxa4 28.
Kb1 Rbxc8 29. Bxf6+ Rxf6 30. Qg2 Rf7 31. Qxe4 Re8 32. Qg6 Qd7 33. Rh5 Qe6 34.
Qxe6 Rxe6 35. Rg3 Rfe7 36. Rhh3 Nf6 37. f5 Re4 38. Rg6 Nd5 39. f6 Rf7 40. Rh5
Rxf6 41. Rg1 Nxe3 42. Rg7 Nf5 43. Rxc7 Nxh6 0-1

[Event "Wch Juvenil 2013 sub-14"]
[Site "Al-Ain UAE"]
[Date "2013.12.27"]
[Round "10.16"]
[White "Lopez Mulet, Iñigo"]
[Black "Muthaiah, Al"]
[Result "1/2-1/2"]
[WhiteElo "2151"]
[BlackElo "2092"]
[PlyCount "169"]
[EventDate "2013.12.19"]
[EventType "swiss"]
[EventRounds "11"]
[EventCountry "UAE"]
[Source "lmi"]
[SourceDate "2013.12.19"]

1. d4 d5 2. c4 e6 3. Nf3 Nf6 4. g3 Be7 5. Bg2 O-O 6. O-O dxc4 7. Ne5 Nc6 8.
Bxc6 bxc6 9. Nxc6 Qe8 10. Nxe7+ Qxe7 11. Qa4 e5 12. dxe5 Qxe5 13. Qxc4 Bh3 14.
Re1 Rad8 15. Nc3 Rd4 16. Qb5 Qe6 17. Be3 Rg4 18. Bxa7 h5 19. f3 Rg6 20. e4 h4
21. Bf2 c6 22. Qa5 Nd7 23. Ne2 hxg3 24. hxg3 Ne5 25. Qc3 Rh6 26. Nf4 Qf6 27.
Re3 g5 28. Nxh3 Rxh3 29. Kg2 Qh8 30. Rg1 Rd8 31. Kf1 g4 32. f4 Nf3 33. Rxf3
gxf3 34. Qxf3 Qh5 35. Qxh5 Rxh5 36. Ke2 Rb5 37. b3 Ra8 38. Ra1 Rxb3 39. axb3
Rxa1 40. b4 Ra3 41. g4 f6 42. Bd4 Kf7 43. e5 fxe5 44. Bxe5 Rg3 45. g5 Ke6 46.
Bd4 Kf5 47. Be5 Rb3 48. Bd6 Ra3 49. Be5 Rb3 50. Bd6 Ke4 51. Kf2 Rf3+ 52. Kg2
Rd3 53. Be5 Kf5 54. Kf2 Rb3 55. Bd6 Rc3 56. Ke2 Ke4 57. Kf2 Kf5 58. Ke2 Rh3 59.
Be5 Ra3 60. Bd6 Ke4 61. Kf2 Ra2+ 62. Kg3 Ra1 63. Kf2 Rd1 64. Be5 Rd2+ 65. Kg3
Kf5 66. Kf3 Rd3+ 67. Ke2 Rd5 68. Ke3 Rd7 69. Kf3 Rb7 70. Bd6 Rb5 71. Bc5 Rb8
72. Bd6 Re8 73. Be5 Rd8 74. Ke3 Rd1 75. Kf3 Rb1 76. Bd6 Rb3+ 77. Kf2 Rc3 78.
Ke2 Rc4 79. Kd3 Re4 80. Kc3 Kg6 81. Kb3 Kf5 82. Ka3 Re3+ 83. Ka4 Rd3 84. Be7
Rd5 85. Bf6 1/2-1/2

[Event "Wch Juvenil 2013 sub-14"]
[Site "Al-Ain UAE"]
[Date "2013.12.27"]
[Round "10.17"]
[White "Zisiadis, Dimitrios"]
[Black "Baskin, Robert"]
[Result "0-1"]
[WhiteElo "1827"]
[BlackElo "2190"]
[PlyCount "110"]
[EventDate "2013.12.19"]
[EventType "swiss"]
[EventRounds "11"]
[EventCountry "UAE"]
[Source "lmi"]
[SourceDate "2013.12.19"]

1. Nf3 Nf6 2. c4 g6 3. g3 Bg7 4. Bg2 O-O 5. d4 d6 6. O-O c6 7. Nc3 Qb6 8. h3
Qa6 9. b3 b5 10. cxb5 cxb5 11. b4 Bb7 12. Bb2 Nbd7 13. Qd3 Nd5 14. Nxd5 Bxd5
15. Nd2 Bxg2 16. Kxg2 Nb6 17. e4 Rac8 18. a3 d5 19. e5 Na4 20. Rab1 Qc6 21. Nb3
Qc2 22. Qxc2 Rxc2 23. Ba1 Rfc8 24. Nc5 Bh6 25. Rfe1 e6 26. Kf1 Ra2 27. Rb3 Nb6
28. f4 Nc4 29. Bc3 Nxa3 30. Ra1 Rxa1+ 31. Bxa1 Nc4 32. Ke2 Bf8 33. Kd3 Bxc5 34.
dxc5 Rc6 35. Bc3 Ra6 36. Kd4 Kf8 37. Rb1 Ke7 38. Ra1 Rxa1 39. Bxa1 Nd2 40. Bc3
Ne4 41. Be1 Kd7 42. g4 Kc6 43. h4 h5 44. gxh5 gxh5 45. Ke3 a5 46. bxa5 Nxc5 47.
Bd2 Na6 48. f5 b4 49. fxe6 fxe6 50. Kf4 b3 51. Bc3 Kc5 52. Ke3 Kc4 53. Bb2 Nc5
54. Bd4 Kb5 55. Kf4 Ne4 0-1

[Event "Wch Juvenil 2013 sub-14"]
[Site "Al-Ain UAE"]
[Date "2013.12.27"]
[Round "10.18"]
[White "Martinez Alcantara, Jose Eduar"]
[Black "Hoang, Harry"]
[Result "1-0"]
[WhiteElo "2301"]
[BlackElo "1990"]
[PlyCount "86"]
[EventDate "2013.12.19"]
[EventType "swiss"]
[EventRounds "11"]
[EventCountry "UAE"]
[Source "lmi"]
[SourceDate "2013.12.19"]

1. c4 e6 2. Nf3 d5 3. g3 dxc4 4. Bg2 c6 5. a4 Nf6 6. O-O Be7 7. Na3 O-O 8. Nxc4
b5 9. Nce5 Bb7 10. d4 a6 11. Qc2 Qb6 12. a5 Qa7 13. Nd3 Nbd7 14. b4 Ne8 15. Bb2
Nd6 16. Nd2 Bf6 17. e3 Rfe8 18. f4 Nf5 19. Rae1 h5 20. Ne4 Be7 21. Bf3 g6 22.
Bc3 Rac8 23. Qf2 Nf6 24. Nxf6+ Bxf6 25. Nc5 Red8 26. Rd1 Bg7 27. e4 Nd6 28. h3
Re8 29. e5 Nf5 30. g4 hxg4 31. hxg4 Nh6 32. Rd2 Kf8 33. Qh4 Red8 34. Be4 Ba8
35. Rdf2 Qe7 36. Qg3 Rc7 37. Nxa6 Ra7 38. Nc5 Kg8 39. Rg2 g5 40. fxg5 Qxg5 41.
Bd2 Qe7 42. Be3 Bb7 43. Qh3 Bf8 1-0

[Event "Wch Juvenil 2013 sub-14"]
[Site "Al-Ain UAE"]
[Date "2013.12.27"]
[Round "10.19"]
[White "Banik, Siddharth G"]
[Black "Tokranovs, Dmitrijs"]
[Result "0-1"]
[WhiteElo "1978"]
[BlackElo "2273"]
[PlyCount "118"]
[EventDate "2013.12.19"]
[EventType "swiss"]
[EventRounds "11"]
[EventCountry "UAE"]
[Source "lmi"]
[SourceDate "2013.12.19"]

1. e4 d5 2. exd5 Qxd5 3. Nc3 Qd6 4. d4 Nf6 5. Bc4 Nc6 6. Nge2 e5 7. O-O Bf5 8.
d5 Nb4 9. Bb3 O-O-O 10. Bg5 Be7 11. Ng3 Bg4 12. Qc1 h6 13. Bxf6 gxf6 14. Qe3
Kb8 15. Nge4 Qb6 16. Qxb6 axb6 17. a3 Na6 18. f3 Bc8 19. Rad1 f5 20. Ng3 h5 21.
Rfe1 h4 22. Nh1 f6 23. Nf2 Rh7 24. Bc4 Nc5 25. b4 Nd7 26. Rd2 Nf8 27. Nfd1 Ng6
28. Ne3 f4 29. Nf1 Rg7 30. h3 Nh8 31. Kh2 Nf7 32. Rf2 Bf5 33. Bb3 Nd6 34. Nd2
Bh7 35. Nc4 Nf5 36. Ne4 Nd4 37. Ba2 Bg8 38. c3 Nf5 39. d6 Nxd6 40. Nexd6 Bxd6
41. Rd1 b5 42. Nxd6 Rxd6 43. Rxd6 cxd6 44. Bb1 Rc7 45. Rd2 d5 46. Ba2 Rd7 47.
Bb1 Be6 48. Bd3 Rc7 49. Rc2 d4 50. cxd4 Rxc2 51. Bxc2 exd4 52. Kg1 Kc7 53. Kf2
Kd6 54. Ke2 Bc4+ 55. Kd2 Bf1 56. Bf5 Bxg2 57. Kd3 Ke5 58. Be4 Bxh3 59. Bxb7
Bf1+ 0-1

[Event "Wch Juvenil 2013 sub-14"]
[Site "Al-Ain UAE"]
[Date "2013.12.27"]
[Round "10.20"]
[White "Papadopoulos, Argirios"]
[Black "Asgharzadeh, M.Reza"]
[Result "1-0"]
[WhiteElo "2005"]
[BlackElo "2143"]
[PlyCount "129"]
[EventDate "2013.12.19"]
[EventType "swiss"]
[EventRounds "11"]
[EventCountry "UAE"]
[Source "lmi"]
[SourceDate "2013.12.19"]

1. e4 e5 2. Nf3 Nc6 3. Bb5 a6 4. Ba4 Nf6 5. O-O Be7 6. Re1 b5 7. Bb3 d6 8. c3
O-O 9. h3 Nb8 10. d4 Nbd7 11. Nbd2 Bb7 12. Bc2 Re8 13. Nf1 Bf8 14. Ng3 g6 15.
a4 c5 16. d5 c4 17. Be3 Qc7 18. Qd2 Nc5 19. axb5 axb5 20. Bh6 Nfd7 21. h4 f6
22. h5 Nb6 23. Bxf8 Rxf8 24. Nh4 Qg7 25. Qe2 Qh6 26. Qg4 Qf4 27. Qxf4 exf4 28.
Ne2 Nd3 29. Bxd3 cxd3 30. Nd4 d2 31. Red1 Rxa1 32. Rxa1 Re8 33. Rd1 Rxe4 34.
Rxd2 Nc4 35. Rd1 Nxb2 36. Rb1 Nd3 37. Nxb5 Bxd5 38. Rd1 g5 39. Nf3 g4 40. Rxd3
Bc4 41. Rd4 d5 42. Rxe4 dxe4 43. Nd6 Bd3 44. Ne1 Bb1 45. Kf1 Kf8 46. Ke2 Ke7
47. Nc4 f5 48. g3 Ba2 49. Nd2 fxg3 50. fxg3 Bf7 51. h6 Kf6 52. Ke3 Kg5 53. c4
Kxh6 54. c5 Be8 55. Kf4 Kg6 56. Ng2 Bd7 57. Nh4+ Kf6 58. Nc4 h5 59. Nb6 Be6 60.
c6 e3 61. Kxe3 Kg5 62. Ng2 h4 63. gxh4+ Kh5 64. c7 g3 65. Kf4 1-0

[Event "Wch Juvenil 2013 sub-14"]
[Site "Al-Ain UAE"]
[Date "2013.12.27"]
[Round "10.21"]
[White "Djurhuus, Eivind X"]
[Black "Liu, Xiangyi"]
[Result "0-1"]
[WhiteElo "1978"]
[BlackElo "2136"]
[PlyCount "88"]
[EventDate "2013.12.19"]
[EventType "swiss"]
[EventRounds "11"]
[EventCountry "UAE"]
[Source "lmi"]
[SourceDate "2013.12.19"]

1. e4 e6 2. d4 d5 3. Nc3 Bb4 4. e5 c5 5. a3 Bxc3+ 6. bxc3 Ne7 7. h4 Nbc6 8. h5
h6 9. Qg4 Nf5 10. Bd3 O-O 11. Nf3 Qa5 12. Bd2 Qa4 13. Qf4 c4 14. Bxf5 exf5 15.
Ra2 Be6 16. O-O b5 17. Nh4 Ne7 18. Rb1 Rab8 19. Kh2 Rb6 20. g3 Rfb8 21. f3 Rf8
22. g4 fxg4 23. fxg4 f6 24. Rf1 Qa6 25. Raa1 Qc8 26. exf6 Rxf6 27. Qg3 Bxg4 28.
Rg1 Rf7 29. Qxg4 Rf2+ 30. Kh1 Qxg4 31. Rxg4 Rxd2 32. Rag1 g5 33. hxg6 Re6 34.
Nf3 Rf2 35. Ne5 Kg7 36. R4g3 a6 37. R1g2 Rxg2 38. Rxg2 Nxg6 39. Nxg6 Rxg6 40.
Re2 Rg3 41. Re5 Rxc3 42. Rxd5 Rxc2 43. Rd7+ Kf8 44. d5 Rd2 0-1